banner-ar

LABOUR WOMEN: WOMEN IN BRITISH WORKING - CLASS POLITIIS, 1918-1939 / (Record no. 11630)

MARC details
000 -الفاتح
حقل البيانات ثابتة الطول 00566nam a2200181Ia 4500
008 - عناصر البيانات ثابتة الطول - معلومات عامة
حقل البيانات ثابتة الطول 140319s9999 xx 000 0 eng d
040 ## - مصدر الفهرسة
وكالة الفهرسة الأصلية GCL /
وكالة النسخ GCL
082 04 - رقم تصنيف ديوى العشرى
رقم التصنيف 305.42
رقم المادة GL
100 1# - المدخل الرئيسى - إسم شخصى
الإسم الشخصى GRAVES, PAMELAM
245 10 - بيان العنوان
العنوان LABOUR WOMEN: WOMEN IN BRITISH WORKING - CLASS POLITIIS, 1918-1939 /
بيان المسئوليه,etc GRAVES, PAMELAM
260 ## - PUBLICATION, DISTRIBUTION, ETC. (IMPRINT)
تاريخ النشر أو التوزيع 1994
300 ## - الوصف المادى
التعداد 271
650 04 - المدخل الاضافى بالموضوع-مصطلح موضوعى
مصطلح موضوعي LABOR PARTY ( GREAT BRITAIN - HISTORY )
650 04 - المدخل الاضافى بالموضوع-مصطلح موضوعى
مصطلح موضوعي WORKING CLASS WOMEN
650 04 - المدخل الاضافى بالموضوع-مصطلح موضوعى
مصطلح موضوعي GREAT BRITAIN - POLITICAL ADVANTURE
942 ## - عناصر المدخل الإضافي( كوها)
مصدر التصنيف او مخطط الترفيف Dewey Decimal Classification
Koha [default] item type كتاب
260 ## - PUBLICATION, DISTRIBUTION, ETC. (IMPRINT)
-- [S.N] :
-- THE UNIVERSTIY OF COMBRIDGE ،
Holdings
حالة التراجع حالة الفقد حالة تلف ليس للاعارة المكان المؤقت الموقع الحالى تاريخ الاكتساب اجمالي اﻻعارات رقم الطلب الباركود تاريخ اخر مشاهدة تاريخ تفعيل السعر نوع وعاء كوها
        مكتبة القاهرة الكبرى مكتبة القاهرة الكبرى 03/26/2014   305.42\GL 22907 03/26/2014 03/26/2014 كتاب

Powered By

EGPV